000
00317nam a2200133Ia 4500
100
_a
Machinery yellow back series
942
_c
BK
654
_a
tools
245
_a
Machine tool Slides & Sliding Elements No.47
260
_b
Machinery Publication & co
_c
2001
082
_a
621.9
300
_a
76
546
_a
ENGLISH
999
_c
26373
_d
26373